National office report 2008 (Record no. 108438)

MARC details
000 -LEADER
fixed length control field 01680cad a22002415a 4500
001 - CONTROL NUMBER
control field L144281
008 - FIXED-LENGTH DATA ELEMENTS--GENERAL INFORMATION
fixed length control field 080708s2008 xxkado f s 000 0 eng d
035 ## - SYSTEM CONTROL NUMBER
System control number (Sirsi) u144281
041 0# - LANGUAGE CODE
Language code of text/sound track or separate title eng
050 04 - LIBRARY OF CONGRESS CALL NUMBER
Classification number 332.6324 $2 18
110 2# - MAIN ENTRY--CORPORATE NAME
Corporate name or jurisdiction name as entry element Lambert Smith Hampton
9 (RLIN) 2865
245 00 - TITLE STATEMENT
Title National office report 2008
Medium [electronic resource]
260 ## - PUBLICATION, DISTRIBUTION, ETC.
Place of publication, distribution, etc. [S.l.]
Name of publisher, distributor, etc. Lambert Smith Hampton
Date of publication, distribution, etc. 2008
490 #0 - SERIES STATEMENT
Series statement Lambert Smith Hampton National Office Report
Volume/sequential designation 2008
505 2# - FORMATTED CONTENTS NOTE
Formatted contents note Economic outlook -- National office market outlook -- Recruitment and labour trends -- Market summaries: Birmingham; Bristol; Cambridge; Cardiff; Chelmsford; Edinburgh; Fareham; Glasgow; Guildford; Leeds; Leicester; Luton; Maidenhead; Manchester; Milton Keynes; Newcastle upon Tyne; Newport; Northampton; Nottingham; Oxford; Peterborough; Reading; St Albans; Sheffield; Slough; Southampton; Swansea; Watford; West End
520 ## - SUMMARY, ETC.
Summary, etc. First edition of this report covers the current performance of the sector and where the authors see it heading in the medium term. The sector looks more vulnerable than it has since 2001-2002, with falling occupier-demand affecting availability and leading to a possible oversupply in the medium term. The authors believe that any problem of oversupply will be far less acute than that experienced in the 1990s and that the market will come out of the current slow phase of the property cycle during 2010.
521 ## - TARGET AUDIENCE NOTE
Target audience note Advanced
590 ## - LOCAL NOTE (RLIN)
Local note KA
651 #4 - SUBJECT ADDED ENTRY--GEOGRAPHIC NAME
Geographic name United Kingdom
Chronological subdivision
690 ## - LOCAL SUBJECT ADDED ENTRY--TOPICAL TERM (OCLC, RLIN)
Topical term or geographic name as entry element PROPERTY-COMMERCIAL PROPERTY-COMMERCIAL PROPERTY MARKET
856 40 - ELECTRONIC LOCATION AND ACCESS
Uniform Resource Identifier <a href="https://www.lsh.co.uk">https://www.lsh.co.uk</a>
Public note View the report free of charge (requires registration) at www.lsh.co.uk...
942 ## - ADDED ENTRY ELEMENTS (KOHA)
Suppress in OPAC 0
Holdings
Withdrawn status Lost status Source of classification or shelving scheme Damaged status Not for loan Home library Current library Shelving location Date acquired Total Checkouts Full call number Barcode Date last seen Copy number Price effective from Koha item type
    Dewey Decimal Classification     Virtual Virtual Online 08/07/2008   ONLINE PUBLICATION 144281-1001 06/08/2019 1 06/08/2019 Book